000 01891cam a2200433 a 4500
999 _c3906
_d3906
001 13922819
003 Nust
005 20180607053244.0
008 050407r20062005nyua d 000 1 eng
010 _a 2005008942
020 _a0375831002 (trade)
_cRs. 695
020 _a0375931007 (lib. bdg.)
020 _a9780385754729 (pbk.)
038 _aArshad
040 _aDLC
_cDLC
_dDLC
042 _alcac
043 _ae-gw---
050 0 0 _aPZ7.Z837
_bBoo 2006
082 0 0 _a823
_222
_bZUS
100 1 _aZusak, Markus.
_911090
245 1 4 _aThe book thief /
_cby Markus Zusak.
250 _a1st American ed.
260 _aNew York :
_bAlfred A. Knopf,
_c2006.
300 _a552 p. :
_bill. ;
_c22 cm.
520 _aTrying to make sense of the horrors of World War II, Death relates the story of Liesel--a young German girl whose book-stealing and story-telling talents help sustain her family and the Jewish man they are hiding, as well as their neighbors.
650 1 _aBooks and reading
_vFiction.
_91080
650 1 _aStorytelling
_vFiction.
_911091
650 1 _aDeath
_vFiction.
_911092
650 1 _aJews
_zGermany
_xHistory
_y1933-1945
_vFiction.
_911093
650 1 _aWorld War, 1939-1945
_xJews
_xRescue
_vFiction.
_911094
651 0 _aGermany
_xHistory
_y1933-1945
_vJuvenile fiction.
_911095
651 1 _aGermany
_xHistory
_y1933-1945
_vFiction.
_911096
856 4 2 _3Publisher description
_uhttp://www.loc.gov/catdir/enhancements/fy0622/2005008942-d.html
856 4 1 _3Sample text
_uhttp://www.loc.gov/catdir/enhancements/fy0643/2005008942-s.html
856 4 2 _3Contributor biographical information
_uhttp://www.loc.gov/catdir/enhancements/fy0660/2005008942-b.html
906 _a7
_bcbc
_corignew
_d1
_eecip
_f20
_gy-gencatlg
942 _2ddc
_cBK